Normal view
MARC view
- Riaz, Umair
Entry Personal Name
001 - CONTROL NUMBER
- control field: 16154
003 - CONTROL NUMBER IDENTIFIER
- control field: NUST
005 - DATE AND TIME OF LATEST TRANSACTION
- control field: 20190701064856.0
008 - FIXED-LENGTH DATA ELEMENTS
- fixed length control field: 190701|| aca||aabn | a|a d
040 ## - CATALOGING SOURCE
- Original cataloging agency: NUST
- Transcribing agency: NUST
100 ## - HEADING--PERSONAL NAME
- Personal name: Riaz, Umair
670 ## - SOURCE DATA FOUND
- Source citation: Work cat.: (NUST): Riaz, Umair, Residual Stress Measurement in Low and High Speed Machining of Aerospace Grade Aluminum Alloy /, 2017.
